00690nam a2200181 a 450000100100000000500170001000800410002704000250006808200140009310000350010724500800014226000740022230000270029649000250032383000310034895201120037999900170049100004144320201002034908.0131004s1984 sp a 000 0 spa d aDO-SdBNPbspacBNPHU axxxbxxxx1 aMartínez, José Luis93439010aOrigen y desarrollo del libro en hispanoamerica. /cJosé Luis Martínez. aMadrid, España :bFundación Germán Sánchez Ruipérez,c1984. a99 p. :bil. ;c21 cm.1 aBiblioteca del libro 0aBiblioteca del libro97397 001050718MOaGRbGRcCTd2013-10-04iLF1l0oxxx xxxxp41443-10r2020-06-25w2020-06-25y1ZNo se presta c40933d40933